| 000 | 00473nam a2200181Ia 4500 | ||
|---|---|---|---|
| 001 | 23212 | ||
| 005 | 20260414150922.0 | ||
| 008 | 260414t1996||||xx |||||||||||||| ||spa|| | ||
| 041 | _aESP | ||
| 082 |
_a627 _bB81 |
||
| 100 |
_aBrater, Ernest F. _eAUT |
||
| 245 | 0 |
_aHandbook of hydraulics for the solution of hydraulic engineering problems _b |
|
| 260 | _c1996 | ||
| 300 |
_avarias paginaciones : _c20 cm. |
||
| 650 | _a0 | ||
| 654 | _aCIC | ||
| 942 |
_cLIB _dJUS _fJUS _2ddc _n |
||
| 999 |
_c23212 _d23212 |
||